Nuestro Mapa I /
Un viaje por los lagos, las montañas, los ríos, las llanuras, las sierras, los mares y los distintos horizontes que ofrece el territorio argentino para conocer su historia y descubrir la transformación de su geología y paisaje. Una serie destinada al público adolescente que invita a recorrer la geog...
Guardado en:
| Autor Principal: | |
|---|---|
| Autor Corporativo: | |
| Formato: | |
| Idioma: | Undetermined |
| Publicado: |
Argentina.
2012. ;
|
| Materias: | |
| Etiquetas: |
Agregar Etiqueta
Sin Etiquetas, Sea el primero en etiquetar este registro!
|
| LEADER | 01505ngm a22002055a 4500 | ||
|---|---|---|---|
| 001 | CEM.cems019517 | ||
| 008 | 220908s2012####xx#---############vlund#d | ||
| 005 | 20240418140842.0 | ||
| 245 | 1 | 0 | |a Nuestro Mapa I / |c Federico Castro |h [videograbación]. |
| 260 | |c 2012. ; |a Argentina. | ||
| 300 | |a 15'. | ||
| 505 | 0 | |a 01. Los lagos y los glaciares de los Andes Patagónicos -- 02. Las montañas del NOA -- 03. Las Sierras Pampeanas -- 04. Las lagunas de la Provincia de Buenos Aires -- 05. El estuario del Río de la Plata y el delta del Paraná -- 06. Las costas de la Patagonia -- 07. La plataforma submarina argentina -- 08. Los ríos y los humedales de la Mesopotamia -- 09. Las sierras de Misiones -- 10. La llanura Chaco-Pampeana -- 11. Las mesetas de la Patagonia -- 12. Los volcanes de la Puna -- 13. Los Andes de San Juan y Mendoza | |
| 538 | |a Soporte: DVD -- Formato: AVI Peso: 2.20gb -- Resolución: 720 x 540 -- 25 fps | ||
| 590 | |a Identificación anterior: D 166 A | ||
| 520 | |a Un viaje por los lagos, las montañas, los ríos, las llanuras, las sierras, los mares y los distintos horizontes que ofrece el territorio argentino para conocer su historia y descubrir la transformación de su geología y paisaje. Una serie destinada al público adolescente que invita a recorrer la geografía de nuestro país. | ||
| 100 | 1 | |a Castro, Federico. | |
| 710 | 2 | |a Canal Encuentro. | |
| 653 | |a ARGENTINA | ||
| 653 | |a GEOGRAFÍA | ||
| 859 | |a CEMS |b BIB. CEMS - Depto. Recursos Didacticos |h 982 |i CAS |k DRD |p 2884.22 |t Ej.1 | ||
